[Event "Russia Cup GP 6"]
[Site "Krasnodar RUS"]
[Date "1997.03.14"]
[Round "04"]
[White "Petrushin,A"]
[Black "Burmakin,V"]
[Result "0-1"]
[WhiteElo "2415"]
[BlackElo "2530"]

1. e4 c6 2. d4 d5 3. Nc3 dxe4 4. Nxe4 Nd7 5. Bc4 Ngf6 6. Ng5 e6 7. Qe2 Nb6
8. Bd3 h6 9. N5f3 c5 10. c3 Qc7 11. Ne5 cxd4 12. cxd4 Bb4+ 13. Kf1 Bd7 14.
Ngf3 Rc8 15. g3 O-O 16. g4 Nbd5 17. Be3 Nxe3+ 18. fxe3 Bc6 19. Rg1 Be4 20.
g5 hxg5 21. Rxg5 Bxd3 22. Nxd3 Be7 23. Rc1 Qxc1+ 24. Nxc1 Rxc1+ 25. Kg2 Nd5
26. Rxd5 exd5 27. Ne5 Bd6 28. Qb5 Bxe5 29. dxe5 b6 30. Qxd5 Rc5 31. Qd7
Rxe5 32. Qxa7 Rb5 33. Qa3 Re8 34. Qc3 Re6 35. b3 Rf5 36. h4 Rg6+ 37. Kh3
Rf3+ 38. Kh2 Rf2+ 39. Kh3 Rxa2 40. Qc8+ Kh7 41. Qf5 Ra5 42. Qxf7 Re5 43. e4
Rge6 44. b4 Rxe4 45. Qh5+ Kg8 46. Qd5 R4e5 47. Qd8+ Kh7 48. Qd3+ Kh6 49.
Qd8 Re3+ 50. Kg2 Kh7 51. Qd5 R3e5 52. Qd8 Kg6 53. Kf3 Re3+ 54. Kf2 R3e4 55.
Qg5+ Kf7 56. Qh5+ Ke7 57. Qg5+ Kf8 58. Qd8+ Kf7 59. Qd7+ Kg6 60. Kf3 Re3+
61. Kf2 R3e5 62. Kg3 Kh6 63. Qd8 Kg6 64. Qd3+ Re4 65. Qc2 Kh6 66. Qd2+ Re3+
67. Kf2 Kh5 0-1

[Event "Russia Cup GP 6"]
[Site "Krasnodar RUS"]
[Date "1997.03.14"]
[Round "04"]
[White "Popov,Ro"]
[Black "Vaulin,A"]
[Result "1/2-1/2"]
[WhiteElo "2365"]
[BlackElo "2490"]

1. e4 c5 2. Nf3 d6 3. d4 cxd4 4. Nxd4 Nf6 5. f3 Nc6 6. c4 Nxd4 7. Qxd4 g6
8. Nc3 Bg7 9. Be3 O-O 10. Qd2 Be6 11. Be2 Rc8 12. Nd5 Nxd5 13. cxd5 Bd7 14.
O-O a6 15. Rac1 Rxc1 16. Rxc1 Qb8 17. b3 1/2-1/2

[Event "Russia Cup GP 6"]
[Site "Krasnodar RUS"]
[Date "1997.03.14"]
[Round "04"]
[White "Tregubov,P"]
[Black "Obukhov,A"]
[Result "1-0"]
[WhiteElo "2525"]
[BlackElo "2415"]

1. Nf3 Nf6 2. c4 c5 3. g3 Nc6 4. Bg2 d5 5. cxd5 Nxd5 6. O-O e5 7. Nc3 Nc7
8. d3 Be7 9. Nd2 Nd4 10. Nc4 f6 11. f4 exf4 12. Bxf4 Nce6 13. e3 Nc6 14.
Qh5+ g6 15. Qd5 Nxf4 16. exf4 Nb4 17. Qxd8+ Kxd8 18. Rad1 Nc6 19. Nd5 Re8
20. Rfe1 Nd4 21. Nce3 Be6 22. Rc1 Rc8 23. Nc2 Bxd5 24. Bxd5 Nc6 25. Re6 Nb4
26. Bxb7 Rc7 27. Be4 f5 28. Nxb4 cxb4 29. Rec6 Rxc6 30. Bxc6 Rf8 31. d4 Bf6
32. Rc4 a5 33. b3 Ke7 34. Kf2 Rd8 35. Ke3 g5 36. Bf3 gxf4+ 37. gxf4 Kf8 38.
Bc6 Be7 39. Bg2 Bd6 40. Rc6 Re8+ 41. Kf3 Ke7 42. Bh3 Rf8 43. Ra6 Rf6 44.
Ra7+ Ke6 45. Rxh7 Kd5 46. Ra7 Kxd4 47. Rxa5 Rh6 48. Bxf5 Rxh2 49. Be6 Be7
50. Ra7 Bc5 51. Ra6 Be7 52. Bc4 Bc5 53. Ra8 Kc3 54. Ra5 Bb6 55. Ra6 Bc5 56.
Ke4 Rf2 57. f5 Bd4 58. a4 bxa3 59. Rxa3 Bg7 60. Ra7 Bf6 61. Rf7 Bd4 62. Kd5
Rf4 63. Ke6 Re4+ 64. Kd6 Rf4 65. Be6 Bh8 66. Rc7+ Kd3 67. Rc4 Rf2 68. Rh4
Bf6 69. Rg4 Bc3 70. Bc4+ Kd2 1-0

[Event "Russia Cup GP 6"]
[Site "Krasnodar RUS"]
[Date "1997.03.15"]
[Round "05"]
[White "Asrian,K"]
[Black "Zakharevich,I"]
[Result "1-0"]
[WhiteElo "2440"]
[BlackElo "2505"]

1. e4 d6 2. d4 Nf6 3. Nc3 g6 4. Nf3 Bg7 5. Be2 O-O 6. O-O c5 7. d5 Na6 8.
Nd2 Nc7 9. a4 b6 10. Nc4 Ba6 11. Bf4 Nh5 12. Bg5 f5 13. f3 Bd4+ 14. Kh1 f4
15. Na3 Bc8 16. Qe1 Bd7 17. Nc4 Qe8 18. Bd3 Rb8 19. e5 Bxc3 20. bxc3 Nxd5
21. exd6 e6 22. Ne5 Ne3 23. Rf2 Bxa4 24. Be7 a5 25. Bxf8 Kxf8 26. Ng4 c4
27. Be4 Rd8 28. Nxe3 fxe3 29. Qxe3 Rxd6 30. Rd2 Rxd2 31. Qxd2 Qd7 32. Qe3
b5 33. Qe1 Nf6 34. Rd1 Qc7 35. Qd2 Ke7 36. Ba8 Qb6 37. Rb1 Qd6 38. Qe2 Qc7
39. Re1 Qb6 40. g4 Qd6 41. Bb7 Ne8 42. Bc8 Nc7 43. Rd1 Nd5 44. Qe4 b4 45.
cxb4 axb4 46. Qxc4 Qc6 47. Qxc6 Bxc6 48. Re1 Nc7 49. Kg2 Bd5 50. Ra1 Nb5
51. Rb1 Nd4 52. Rxb4 Nxc2 53. Rb1 Nd4 54. Bb7 Bb3 55. Be4 Kf6 56. Kf2 h5
57. gxh5 gxh5 58. Rg1 Ba4 59. Rg6+ Ke7 60. Ke3 e5 61. Rg5 Kf6 62. Rxh5 Be8
63. Rh6+ Kg5 64. Rh8 Bf7 65. f4+ Kf6 66. Rh6+ Kg7 67. Rh7+ Kg8 68. fxe5 Ne6
1-0

[Event "Russia Cup GP 6"]
[Site "Krasnodar RUS"]
[Date "1997.03.15"]
[Round "05"]
[White "Malaniuk,V"]
[Black "Averkin,Or"]
[Result "1-0"]
[WhiteElo "2610"]
[BlackElo "2425"]

1. d4 Nf6 2. c4 e6 3. Nc3 Bb4 4. Qb3 c5 5. dxc5 Nc6 6. Bg5 h6 7. Bxf6 Qxf6
8. Nf3 Bxc5 9. e3 Qe7 10. Be2 b6 11. O-O Bb7 12. a3 O-O 13. Rfd1 Rac8 14.
Rd2 Rfd8 15. Rad1 Na5 16. Qa2 Ba6 17. b4 Bxe3 18. fxe3 Bxc4 19. Bxc4 Nxc4
20. Rd3 a5 21. Qb3 Nxa3 22. bxa5 bxa5 23. Nd5 1-0

[Event "Russia Cup GP 6"]
[Site "Krasnodar RUS"]
[Date "1997.03.15"]
[Round "05"]
[White "Poluljahov,A"]
[Black "Popov,Ro"]
[Result "0-1"]
[WhiteElo "2510"]
[BlackElo "2365"]

1. c4 e5 2. Nc3 Nc6 3. Nf3 Nf6 4. a3 d5 5. cxd5 Nxd5 6. Qc2 Be7 7. e3 O-O
8. Bb5 Nxc3 9. bxc3 Bd7 10. Be2 Bd6 11. d4 Re8 12. Bb2 Qe7 13. Nd2 Na5 14.
Bd3 h6 15. O-O c5 16. dxc5 Bxc5 17. c4 b6 18. Ne4 Rac8 19. Qc3 Bc6 20. Rac1
Nb7 21. Bb1 Rcd8 22. f4 Bxe4 23. Bxe4 Bd4 24. exd4 exd4 25. Qg3 Qxe4 26.
Rfe1 Qc6 27. f5 Qf6 28. Rxe8+ Rxe8 29. Qf4 Rd8 30. Rd1 Qd6 31. Rxd4 Qxf4
32. Rxf4 f6 33. Kf1 Rd2 34. Rf2 Rxf2+ 35. Kxf2 Nd6 36. g4 Nxc4 37. Bc1 Kf7
38. Ke2 Ne5 39. h3 Ke7 40. a4 a6 41. Ba3+ Kf7 42. Bb4 h5 43. gxh5 Nc6 44.
Bc3 Ne7 45. Bd4 b5 46. axb5 axb5 47. Kf3 Nxf5 48. Bc5 Ke6 49. Bf8 Kf7 50.
Bc5 Ne7 51. Ke4 Ke6 52. Ba3 Nf5 53. Kf4 Nd6 54. Bc5 Nc4 55. Ke4 Ne5 56. Bf8
Kf7 57. Bd6 Nc6 58. Kd5 Nd8 59. h4 Ne6 60. Ke4 Kg8 61. Kd5 Nd8 62. Bb4 Nf7
63. Ke4 Kh7 64. Bf8 Ne5 65. Kf5 0-1

[Event "Russia Cup GP 6"]
[Site "Krasnodar RUS"]
[Date "1997.03.15"]
[Round "05"]
[White "Prokopchuk,E"]
[Black "Kobalija,M"]
[Result "1-0"]
[WhiteElo "2440"]
[BlackElo "2545"]

1. c4 f5 2. Nc3 Nf6 3. g3 g6 4. Bg2 Bg7 5. d3 d6 6. e3 Nc6 7. Nge2 e5 8.
O-O O-O 9. Rb1 Ne7 10. b4 d5 11. cxd5 Nexd5 12. Nxd5 Nxd5 13. e4 Ne7 14.
Qb3+ Kh8 15. b5 a6 16. b6 cxb6 17. Ba3 b5 18. Rbd1 Qe8 19. d4 fxe4 20. Bxe4
Bf5 21. Bxb7 Rb8 22. Bg2 b4 23. Bb2 Nc6 24. dxe5 Nxe5 25. Nd4 Qf7 26. Bd5
Qc7 27. Rfe1 Rbd8 28. Nxf5 Rxf5 29. Be4 Rff8 30. Rxd8 Rxd8 31. Qxb4 Rb8 32.
Qa4 Qb6 33. Kg2 Qb5 34. Qxb5 Rxb5 35. Ba1 Kg8 36. Rc1 Rb8 37. Rc7 Re8 38.
Rxg7+ 1-0

[Event "Russia Cup GP 6"]
[Site "Krasnodar RUS"]
[Date "1997.03.15"]
[Round "05"]
[White "Rublevsky,S"]
[Black "Minasian,Ara"]
[Result "1-0"]
[WhiteElo "2645"]
[BlackElo "2440"]

1. e4 c5 2. Nf3 d6 3. Bb5+ Nd7 4. d4 cxd4 5. Qxd4 e5 6. Qd3 Be7 7. Nc3 Ngf6
8. Bg5 O-O 9. Bxd7 Qxd7 10. Bxf6 Bxf6 11. Rd1 Rd8 12. Nd5 Qa4 13. O-O Be6
14. b3 Qa5 15. Nxf6+ gxf6 16. c4 b5 17. cxb5 Qxa2 18. Nd2 Rac8 19. Qe3 Kg7
20. Qg3+ Kf8 21. Qh4 Ke7 22. f4 Qb2 23. fxe5 Qxe5 24. Kh1 Qg5 25. Qf2 Rc2
26. Qxa7+ Rd7 27. Qd4 Bg4 28. Qd3 Bxd1 29. Rxd1 Rdc7 30. b6 R7c3 31. Qd4
Rxb3 32. e5 fxe5 33. Qd5 Rxb6 34. Nc4 Ra6 35. Nxd6 Qxg2+ 36. Qxg2 Rxg2 37.
Nc8+ Ke6 38. Kxg2 f5 1-0

[Event "Russia Cup GP 6"]
[Site "Krasnodar RUS"]
[Date "1997.03.15"]
[Round "05"]
[White "Shariyazdanov,A"]
[Black "Daniliuk,S"]
[Result "1/2-1/2"]
[WhiteElo "2525"]
[BlackElo "2410"]

1. d4 Nf6 2. Nf3 g6 3. e3 Bg7 4. Be2 c5 5. dxc5 Na6 6. Bxa6 bxa6 7. O-O Bb7
8. Nd4 Qc7 9. b4 a5 10. a3 axb4 11. axb4 a5 12. Rxa5 Rxa5 13. bxa5 1/2-1/2

[Event "Russia Cup GP 6"]
[Site "Krasnodar RUS"]
[Date "1997.03.15"]
[Round "05"]
[White "Sherbakov,R"]
[Black "Nadyrhanov,S"]
[Result "1/2-1/2"]
[WhiteElo "2580"]
[BlackElo "2480"]

1. d4 d5 2. c4 dxc4 3. e3 Nf6 4. Bxc4 e6 5. Nf3 c5 6. O-O a6 7. Bb3 Nbd7 8.
e4 Nxe4 9. Re1 Nef6 10. d5 Nb6 11. dxe6 Bxe6 12. Bxe6 Qxd1 13. Bxf7+ Kxf7
14. Rxd1 Nbd5 15. Nc3 Rd8 16. Ne5+ Kg8 17. Bg5 Rd6 18. Nxd5 Nxd5 19. Nc4
Rd7 20. Ne5 Rd6 21. Nc4 Rd7 22. Ne3 Nb6 23. Rxd7 Nxd7 24. Rd1 Ne5 25. Bf4
Ng6 26. Bd6 h5 27. Rd5 b6 28. a4 Kf7 29. Bxf8 Nxf8 30. a5 Rh6 31. axb6 Rxb6
32. Nc4 Rb4 33. Rxc5 Ne6 34. Rc6 a5 35. g3 a4 36. Ne5+ Ke7 37. Ng6+ Kf7 38.
Ne5+ Ke7 39. Nd3 Rd4 40. Rc3 h4 41. Kf1 Ng5 42. Nf4 hxg3 43. hxg3 Ne4 44.
Rd3 Rxd3 45. Nxd3 Nd2+ 46. Ke2 Nc4 47. Kf3 Nxb2 48. Nb4 Kd6 49. Nc2 Kd5 50.
Ke2 Kc4 51. Kd2 Nd3 52. Ne3+ Kd4 53. Ng2 1/2-1/2

[Event "Russia Cup GP 6"]
[Site "Krasnodar RUS"]
[Date "1997.03.15"]
[Round "05"]
[White "Tseshkovsky,V"]
[Black "Gagloshvili,R"]
[Result "1-0"]
[WhiteElo "2510"]
[BlackElo "2220"]

1. e4 e5 2. Nf3 Nf6 3. d4 Nxe4 4. Bd3 d5 5. Nxe5 Nd7 6. Nxd7 Bxd7 7. O-O
Qh4 8. c4 O-O-O 9. c5 g5 10. Nc3 Nf6 11. g3 Qh3 12. Qf3 Ng4 13. Qg2 Qxg2+
14. Kxg2 h6 15. f4 Bg7 16. h3 Nf6 17. fxg5 hxg5 18. g4 Rde8 19. Bf5 Be6 20.
Bxg5 Nxg4 21. Nxd5 Bf6 22. hxg4 Bxg5 23. Rae1 Rh6 24. Re5 c6 25. Nf4 Bxf4
26. Rxf4 Reh8 27. Bxe6+ fxe6 28. Re2 Rh1 29. Ref2 R8h2+ 30. Kf3 Rxf2+ 31.
Kxf2 Rh2+ 32. Kf3 Rxb2 33. g5 Rb1 34. g6 Rf1+ 35. Kg4 Rg1+ 36. Kh5 Kd8 37.
Rf8+ Ke7 38. Rf7+ Ke8 39. Rxb7 a5 40. g7 a4 41. Kh6 a3 42. Rb8+ Kf7 43.
Rf8+ 1-0

[Event "Russia Cup GP 6"]
[Site "Krasnodar RUS"]
[Date "1997.03.15"]
[Round "05"]
[White "Ulibin,M"]
[Black "Galkin,A"]
[Result "1/2-1/2"]
[WhiteElo "2555"]
[BlackElo "2510"]

1. e4 c6 2. d4 d5 3. Nd2 dxe4 4. Nxe4 Bf5 5. Ng3 Bg6 6. h4 h6 7. Nf3 Nd7 8.
h5 Bh7 9. Bd3 Bxd3 10. Qxd3 Qc7 11. Bd2 Ngf6 12. O-O-O e6 13. Qe2 O-O-O 14.
Ne5 Nb6 15. c4 Rxd4 16. Be3 Rxd1+ 17. Rxd1 Rg8 18. f4 Kb8 19. Ne4 Nxe4 20.
Bxb6 axb6 21. Qxe4 Bd6 22. Qh7 Rf8 23. Qxg7 b5 24. c5 Bxe5 25. Qxe5 Qxe5
26. fxe5 Rg8 27. Rd7 Rg5 28. g4 Rxg4 29. Rxf7 Rc4+ 30. Kd2 Rxc5 31. Rf6
Rd5+ 32. Kc3 Rxe5 33. Rxh6 Ka7 34. Rh8 Re3+ 35. Kd2 Rh3 36. h6 b4 37. h7 c5
38. Kc2 c4 39. Re8 Rxh7 40. Rxe6 Rh2+ 41. Kc1 Rh1+ 42. Kc2 Rh2+ 43. Kb1 b5
44. b3 c3 45. Re4 Rb2+ 46. Ka1 Rd2 47. Kb1 Kb6 48. Rxb4 Kc5 49. Rh4 1/2-1/2

[Event "Russia Cup GP 6"]
[Site "Krasnodar RUS"]
[Date "1997.03.15"]
[Round "05"]
[White "Yakovich,Y"]
[Black "Tregubov,P"]
[Result "0-1"]
[WhiteElo "2575"]
[BlackElo "2525"]

1. d4 d5 2. c4 c6 3. Nf3 e6 4. Nbd2 Nf6 5. g3 c5 6. cxd5 exd5 7. Bg2 Nc6 8.
O-O c4 9. b3 cxb3 10. Nxb3 Bd6 11. Bg5 O-O 12. Ne1 Be7 13. Nd3 Ne4 14. Bxe7
Qxe7 15. e3 Rd8 16. Qe2 a5 17. Rfc1 a4 18. Nbc5 Nxc5 19. Rxc5 Nxd4 20. Qb2
Nc6 21. Rxd5 Be6 22. Rxd8+ Rxd8 23. Nf4 Bc4 24. Rc1 a3 25. Qb1 Ne5 26. Qxb7
Qxb7 27. Bxb7 g5 28. Nh5 Bxa2 29. f4 gxf4 30. gxf4 Ng4 31. Rc3 Bb3 32. Rxb3
a2 33. Ra3 Rd1+ 34. Kg2 a1=Q 35. Rxa1 Rxa1 36. e4 Ra2+ 37. Kg3 Nxh2 38. e5
Nf1+ 39. Kf3 Ra3+ 40. Kg4 h6 41. Be4 Kf8 42. Nf6 Rc3 43. Kh4 Ng3 44. Bb7
Kg7 45. Kg4 Kg6 46. f5+ Kg7 47. Nd5 Rb3 48. Bc6 Ne4 49. f6+ Kf8 50. Nf4
Rg3+ 51. Kh4 Re3 52. Ng2 Rc3 53. Bxe4 Rc4 54. Kg4 Rxe4+ 55. Kf5 Re2 56. Nf4
Rf2 57. Kg4 Rf1 58. Nh5 Rg1+ 59. Kf4 Kg8 60. Ng7 Kh7 61. Nf5 h5 62. Ne7 h4
0-1

[Event "Russia Cup GP 6"]
[Site "Krasnodar RUS"]
[Date "1997.03.15"]
[Round "05"]
[White "Zhelnin,V"]
[Black "Dolmatov,S"]
[Result "1/2-1/2"]
[WhiteElo "2475"]
[BlackElo "2560"]

1. e4 e6 2. d4 d5 3. Nc3 Nf6 4. Bg5 dxe4 5. Nxe4 Nbd7 6. Nf3 h6 7. Bxf6
Nxf6 8. Bd3 Nxe4 9. Bxe4 c5 10. d5 Qc7 11. Qe2 Be7 12. O-O-O O-O 13. Ne5
Bd6 14. Nc4 exd5 15. Bxd5 Bf4+ 16. Kb1 Be6 17. Bxe6 Rae8 1/2-1/2

[Event "Russia Cup GP 6"]
[Site "Krasnodar RUS"]
[Date "1997.03.16"]
[Round "06"]
[White "Asrian,K"]
[Black "Ulibin,M"]
[Result "1-0"]
[WhiteElo "2440"]
[BlackElo "2555"]

1. e4 e6 2. d4 d5 3. Nd2 Nf6 4. e5 Nfd7 5. c3 c5 6. Bd3 Nc6 7. Ne2 cxd4 8.
cxd4 f6 9. exf6 Qxf6 10. Nf3 h6 11. O-O Bd6 12. Bb1 O-O 13. Ng3 Rd8 14. Re1
Nf8 15. Ne5 Qh4 16. Nf3 Qf6 17. Ne5 Qh4 18. f4 Bd7 19. Be3 Be8 20. a3 Rac8
21. Qd2 b6 22. Ba2 Ne7 23. Rf1 Bg6 24. Bb3 Bxe5 25. dxe5 Nf5 26. Ne2 Bh5
27. Bf2 Qe7 28. h3 Bg6 29. Rac1 h5 30. Bc2 Qf7 31. Nc3 Ne7 32. Bb3 Qe8 33.
Bh4 Rc5 34. Ba4 Qf7 35. Nb5 Rxb5 36. Bxb5 Rc8 37. Rxc8 Nxc8 38. Rc1 Qb7 39.
Qc3 Ne7 40. Qc7 Qxc7 41. Rxc7 Nf5 42. Bf2 d4 43. Rxa7 1-0

[Event "Russia Cup GP 6"]
[Site "Krasnodar RUS"]
[Date "1997.03.16"]
[Round "06"]
[White "Dolmatov,S"]
[Black "Prokopchuk,E"]
[Result "1-0"]
[WhiteElo "2560"]
[BlackElo "2440"]

1. e4 c5 2. Nf3 d6 3. d4 cxd4 4. Nxd4 Nf6 5. Nc3 Nc6 6. Bg5 e6 7. Qd2 a6 8.
O-O-O h6 9. Bf4 Bd7 10. Nxc6 Bxc6 11. f3 d5 12. Qe1 Bb4 13. a3 Ba5 14. b4
Bb6 15. exd5 Bxd5 16. Be5 O-O 17. Qh4 Be3+ 18. Kb2 Bg5 19. Qd4 Bc6 20. a4
Qxd4 21. Bxd4 Rfd8 22. Bc4 b5 23. axb5 axb5 24. Bxb5 Rdb8 25. h4 Bf4 26. g3
Bxb5 27. gxf4 Bc6 28. Kb3 Nd5 29. Nxd5 Bxd5+ 30. c4 Bxf3 31. Be5 Rb6 32.
Rhg1 Bxd1+ 33. Rxd1 f6 34. Bc3 Rb7 35. c5 Kf7 36. Kc4 Rab8 37. Rd6 Ke7 38.
Ra6 Rb5 39. h5 Kd7 40. Be1 Ke7 41. Ra7+ R8b7 42. Rxb7+ Rxb7 43. b5 Rd7 44.
b6 Kd8 45. Kb5 Rd1 46. Bb4 Rb1 47. c6 Kc8 48. Kc5 Kb8 49. b7 Kc7 50. Ba5+
Kb8 51. Kd6 Rd1+ 52. Kxe6 Rc1 53. Kd6 Rd1+ 54. Kc5 Rc1+ 55. Kb6 1-0

[Event "Russia Cup GP 6"]
[Site "Krasnodar RUS"]
[Date "1997.03.16"]
[Round "06"]
[White "Fedorov,A"]
[Black "Giorgadze,G"]
[Result "1/2-1/2"]
[WhiteElo "2580"]
[BlackElo "2595"]

1. e4 e5 2. f4 Bc5 3. Nf3 d6 4. Nc3 Nf6 5. Bc4 c6 6. fxe5 dxe5 7. d3 Qe7 8.
Qe2 Bg4 9. h3 Nh5 10. Bg5 f6 11. hxg4 Ng3 12. Qd2 Nxh1 13. Be3 h5 14. Nh4
Bxe3 15. Qxe3 Qb4 16. O-O-O hxg4 17. Nf5 Kf8 18. a3 Qb6 19. d4 Nd7 20. Qe2
Qc7 21. Nxg7 Nc5 22. Nf5 exd4 23. Qxg4 dxc3 24. Qg6 Nxe4 25. Rd6 Nxd6 26.
Qxf6+ Nf7 27. Bxf7 Qxf7 28. Qxh8+ Qg8 29. Qf6+ 1/2-1/2

[Event "Russia Cup GP 6"]
[Site "Krasnodar RUS"]
[Date "1997.03.16"]
[Round "06"]
[White "Galkin,A"]
[Black "Aleksandrov,A"]
[Result "1/2-1/2"]
[WhiteElo "2510"]
[BlackElo "2615"]

1. e4 e5 2. Nf3 Nc6 3. Bb5 Nf6 4. O-O Nxe4 5. d4 Nd6 6. Bxc6 dxc6 7. dxe5
Nf5 8. Qxd8+ Kxd8 9. Nc3 Ke8 10. h3 a5 11. Bf4 Be6 12. g4 Ne7 13. Nd4 Nd5
14. Nxe6 fxe6 15. Bd2 Bb4 16. Nxd5 cxd5 17. Be3 Kd7 18. a4 Be7 19. Kg2 c5
20. c4 Kc6 21. b3 Ra6 22. Rab1 Rd8 23. Rfc1 dxc4 24. Rxc4 Rb6 25. Rc3 Rb4
26. f4 g6 27. Kf3 Rf8 28. h4 b6 29. g5 Kb7 30. Rd1 Rc8 31. h5 gxh5 32. Rh1
Rc7 33. Rxh5 Bf8 34. Ke2 Rd7 35. Rd3 Rf7 36. Bd2 c4 37. Rdh3 Rxb3 38. Rxh7
Rxh7 39. Rxh7+ Kc6 40. Be3 c3 41. Rh8 c2 42. Rxf8 Rxe3+ 43. Kd2 Ra3 44. g6
Rg3 45. Rg8 Rg2+ 46. Kc1 Kd7 47. g7 Ke7 48. Rb8 Rxg7 49. Rb7+ Kf8 50. Rxg7
Kxg7 51. Kxc2 Kf7 52. Kd3 Ke7 53. Ke4 Kd8 54. f5 exf5+ 55. Kxf5 b5 56. axb5
a4 57. b6 a3 58. b7 Kc7 59. e6 1/2-1/2

[Event "Russia Cup GP 6"]
[Site "Krasnodar RUS"]
[Date "1997.03.16"]
[Round "06"]
[White "Kobalija,M"]
[Black "Averkin,Or"]
[Result "1-0"]
[WhiteElo "2545"]
[BlackElo "2425"]

1. e4 c5 2. Nf3 e6 3. d3 Nc6 4. g3 d5 5. Qe2 Nge7 6. Bg2 g6 7. O-O Bg7 8.
c3 h6 9. h4 b6 10. Na3 Ba6 11. e5 Nf5 12. Re1 O-O 13. Bf4 b5 14. Nc2 b4 15.
cxb4 cxb4 16. Qd2 Rb8 17. d4 Kh7 18. Ne3 Qb6 19. Nxf5 gxf5 20. Rec1 Rfc8
21. Be3 Ne7 22. Nh2 Rxc1+ 23. Rxc1 Rc8 24. Rxc8 Bxc8 25. Bf1 a5 26. Qd3 Kg8
27. Be2 Kf8 28. Qd2 Ng8 29. g4 Ba6 30. Bxa6 Qxa6 31. gxf5 exf5 32. Qc2 Ne7
33. Qc7 Ke8 34. h5 Bf8 35. Nf3 Qb5 36. Nh4 Qd7 37. Qxa5 1-0

[Event "Russia Cup GP 6"]
[Site "Krasnodar RUS"]
[Date "1997.03.16"]
[Round "06"]
[White "Koniushkov,I"]
[Black "Tseshkovsky,V"]
[Result "1/2-1/2"]
[WhiteElo "2405"]
[BlackElo "2510"]

1. d4 d6 2. Nf3 Nf6 3. g3 Bg4 4. Bg2 Qc8 5. O-O g6 6. c4 Bg7 7. Nc3 O-O 8.
e4 Nc6 9. Be3 a5 10. Qd2 a4 11. Rac1 Rd8 12. Ne1 Bh3 13. f3 Bxg2 14. Kxg2
Nd7 15. f4 f5 16. exf5 gxf5 17. Nf3 Na5 18. Qd3 Nb6 19. Nd5 Nxd5 20. cxd5
h6 21. Bd2 Qd7 22. Rfe1 Rf8 23. Qc2 Qb5 24. Bxa5 Rxa5 25. Qxc7 Bf6 26. Rxe7
Bxe7 27. Qxe7 Qxb2+ 28. Kh3 Qxc1 29. Ng5 hxg5 30. Qxg5+ Kh7 31. Qh5+ Kg7
32. Qg5+ Kf7 33. Qxf5+ Kg7 34. Qg5+ Kh7 35. Qh5+ Kg7 36. Qg5+ Kf7 37. Qf5+
Ke7 38. Qe6+ Kd8 39. Qxd6+ Ke8 40. Qe6+ Kd8 41. d6 1/2-1/2

[Event "Russia Cup GP 6"]
[Site "Krasnodar RUS"]
[Date "1997.03.16"]
[Round "06"]
[White "Landa,K"]
[Black "Obukhov,A"]
[Result "1-0"]
[WhiteElo "2570"]
[BlackElo "2415"]

1. Nf3 Nf6 2. g3 c5 3. Bg2 Nc6 4. O-O e5 5. d3 d5 6. Nbd2 Be7 7. e4 O-O 8.
exd5 Nxd5 9. Re1 f6 10. c3 Kh8 11. a3 Bg4 12. h3 Bh5 13. Ne4 Rc8 14. g4 Bf7
15. b4 b6 16. b5 Na5 17. c4 Nc7 18. Nh4 Ne6 19. Nf5 Re8 20. Nc3 Bf8 21. Nd5
Nc7 22. Nfe3 Ne6 23. Bd2 Bg6 24. Bxa5 bxa5 25. Rb1 Rb8 26. Rb2 Nf4 27. Nf5
Nxg2 28. Kxg2 Bf7 29. Qf3 Qd7 30. Rd1 Red8 31. Nde3 Rb6 32. a4 g6 33. Ng3
Qd4 34. Rc2 Bh6 35. h4 Qf4 36. Ne4 Qxf3+ 37. Kxf3 Bxe3 38. Kxe3 Rc8 39. f4
f5 40. Ng5 exf4+ 41. Kxf4 Bg8 42. gxf5 Rf6 43. Ne4 Rxf5+ 44. Ke3 Re8 45.
Rf2 Rfe5 46. Kd2 Kg7 47. Nf6 Rd8 48. Nxg8 Kxg8 49. Rf6 Re4 50. Kc3 Rxh4 51.
Rc6 Rh5 52. Rc7 Rf5 53. Rxa7 h5 54. Rxa5 h4 55. b6 h3 56. Rb5 h2 57. b7 Rb8
58. a5 Rf2 59. a6 Ra2 60. Rxc5 Ra3+ 61. Kb4 Rxd3 62. Rc8+ Kg7 63. Rh1 1-0

[Event "Russia Cup GP 6"]
[Site "Krasnodar RUS"]
[Date "1997.03.16"]
[Round "06"]
[White "Nadyrhanov,S"]
[Black "Yakovich,Y"]
[Result "1/2-1/2"]
[WhiteElo "2480"]
[BlackElo "2575"]

1. e4 c5 2. Nf3 Nc6 3. c3 Nf6 4. e5 Nd5 5. d4 cxd4 6. cxd4 d6 7. Bc4 Nb6 8.
Bb5 dxe5 9. Nxe5 Bd7 10. Bxc6 Bxc6 11. Nxc6 bxc6 12. O-O e6 13. Nc3 Be7 14.
Qg4 O-O 15. Bh6 Bf6 16. Rad1 Nd5 17. Ne4 Kh8 18. Bc1 Be7 19. Qf3 Qb6 20. a3
Rad8 21. Rd3 Qb5 22. Rfd1 Rd7 23. b3 Kg8 24. a4 Qb8 25. Qh5 Nf4 26. Bxf4
Qxf4 27. Qe5 Qxe5 28. dxe5 Rd5 29. Nc3 Rxe5 30. Rd7 Bc5 31. Rc7 g6 32. Rxc6
Rb8 33. Nb5 Rb6 34. Rxb6 Bxb6 35. Kf1 Rc5 36. Ke2 Rc2+ 37. Rd2 Rxd2+ 38.
Kxd2 Bxf2 39. b4 Kf8 40. Ke2 Bg1 41. h3 Ke7 42. Kf1 Be3 43. Ke2 Bg1 44. Kf1
1/2-1/2

[Event "Russia Cup GP 6"]
[Site "Krasnodar RUS"]
[Date "1997.03.16"]
[Round "06"]
[White "Tregubov,P"]
[Black "Burmakin,V"]
[Result "1-0"]
[WhiteElo "2525"]
[BlackElo "2530"]

1. d4 d5 2. c4 c6 3. Nf3 Nf6 4. Nc3 a6 5. e3 b5 6. cxd5 cxd5 7. Bd2 e6 8.
Bd3 Nc6 9. Rc1 Qb6 10. O-O Bb7 11. a3 Na5 12. Ne5 Nc4 13. Qe2 Bd6 14. f4
O-O 15. Be1 Be7 16. Bh4 Qd8 17. a4 b4 18. Nb1 Nd6 19. Nd2 Nfe4 20. Bxe7
Qxe7 21. Bxe4 dxe4 22. Rc5 Rfc8 23. Rfc1 f6 24. Nec4 Rxc5 25. dxc5 Nf7 26.
Nb6 Rd8 27. Nb3 Rd3 28. c6 Bxc6 29. Rxc6 Rxb3 30. Qc4 Rxe3 31. Rc8+ Nd8 32.
Nd5 Re1+ 33. Kf2 Qd6 34. Nxf6+ gxf6 35. Kxe1 e3 36. Qc2 Kg7 37. Qc7+ Qxc7
38. Rxc7+ Kg6 39. Ke2 1-0

[Event "Russia Cup GP 6"]
[Site "Krasnodar RUS"]
[Date "1997.03.16"]
[Round "06"]
[White "Zakharevich,I"]
[Black "Nadanian,A"]
[Result "1/2-1/2"]
[WhiteElo "2505"]
[BlackElo "2375"]

1. d4 g6 2. e4 Bg7 3. Nf3 d5 4. exd5 Qxd5 5. Nc3 Qd8 6. Bc4 Nh6 7. Ne4 Nf5
8. c3 O-O 9. O-O b6 10. Re1 Bb7 11. Bg5 Qc8 12. Ng3 Nd6 13. Bb3 e6 14. Ne5
Nd7 15. Qg4 Re8 16. Rad1 Nf8 17. Qf4 b5 18. Ng4 f5 19. Nf6+ Bxf6 20. Bxf6
Nf7 21. Re3 g5 22. Bxg5 Ng6 23. Bxe6 Rxe6 24. Qxf5 Rxe3 25. Bxe3 Qxf5 26.
Nxf5 Nd6 27. Nxd6 cxd6 28. f3 Bd5 29. a3 Kf7 30. Kf2 Rg8 31. Bg5 Rh8 32. g3
Re8 33. Rd3 Rb8 34. h4 Ne7 35. g4 Bc4 36. Rd1 Nd5 37. Re1 a5 38. Kg3 b4 39.
axb4 axb4 40. cxb4 Rxb4 41. Ra1 Kg6 42. Ra7 h5 43. gxh5+ Kxh5 44. Rg7 Rxb2
45. Bc1 Rb1 46. Rg5+ Kh6 47. Rxd5+ Rxc1 48. Rxd6+ Kh5 49. Rc6 Rg1+ 50. Kh2
Rc1 51. Kg3 Rg1+ 1/2-1/2

[Event "Russia Cup GP 6"]
[Site "Krasnodar RUS"]
[Date "1997.03.16"]
[Round "06"]
[White "Zhelnin,V"]
[Black "Malaniuk,V"]
[Result "1/2-1/2"]
[WhiteElo "2475"]
[BlackElo "2610"]

1. e4 e5 2. Bc4 Nf6 3. d3 Nc6 4. Nf3 Be7 5. O-O O-O 6. Re1 d6 7. c3 Na5 8.
Bb5 a6 9. Ba4 b5 10. Bc2 c5 11. Nbd2 Re8 12. Nf1 h6 13. Ng3 Bf8 14. a3 Nc6
15. h3 d5 16. d4 cxd4 17. cxd4 dxe4 18. Nxe4 Bf5 19. Nxf6+ Qxf6 20. dxe5
Nxe5 21. Rxe5 Rxe5 22. Nxe5 Qxe5 23. Bxf5 Qxf5 24. Be3 Rc8 25. Qg4 Qxg4 26.
hxg4 Rc4 27. Rc1 1/2-1/2

[Event "Russia Cup GP 6"]
[Site "Krasnodar RUS"]
[Date "1997.03.17"]
[Round "07"]
[White "Burmakin,V"]
[Black "Landa,K"]
[Result "1/2-1/2"]
[WhiteElo "2530"]
[BlackElo "2570"]

1. d4 Nf6 2. c4 e6 3. Nf3 d5 4. Nc3 dxc4 5. e3 a6 6. Bxc4 b5 7. Bb3 Bb7 8.
O-O c5 9. Qe2 Nbd7 10. Rd1 Be7 11. e4 cxd4 12. Rxd4 Bc5 13. Rd3 Ng4 14. Bg5
Qb6 15. Bh4 Nge5 16. Rd2 O-O 17. Bg3 Nxf3+ 18. Qxf3 Rad8 19. Qe2 Nb8 20.
Rad1 Nc6 21. Qg4 Rxd2 22. Rxd2 Rd8 23. Qd1 Bd4 24. Bh4 Rd7 25. Ne2 h6 26.
Kh1 e5 27. f4 Qc7 28. Bf2 Re7 29. Nxd4 Nxd4 30. Bd5 Ne6 31. f5 Nf4 32. f6
gxf6 33. Bh4 Bxd5 34. exd5 Qd6 35. Qg4+ Ng6 36. Bf2 Rc7 37. g3 Kf8 38. Be3
Ke7 39. a3 Kd8 40. b4 Rc3 41. Bc5 Qd7 42. Qh5 Rxa3 43. Kg2 Ra2 44. Rxa2
Qxd5+ 45. Qf3 Qxa2+ 46. Kg1 Qe6 47. Qa8+ Qc8 48. Qd5+ Ke8 49. Qd6 f5 50.
Kf2 h5 51. Ke1 Qb7 52. Kf2 Qc8 53. Ke1 f4 54. gxf4 exf4 55. Kf2 Qb7 56. h3
h4 57. Kg1 f3 58. Kf2 Qd7 59. Qxa6 Ne5 60. Qa8+ Qd8 61. Qxd8+ Kxd8 62. Bd6
Ng6 63. Kxf3 Kd7 64. Bh2 f5 65. Ke3 Ke6 66. Kd4 Kf6 67. Kc5 f4 68. Kxb5 f3
69. Bg1 Nf4 70. Bf2 Nxh3 71. Be3 1/2-1/2

[Event "Russia Cup GP 6"]
[Site "Krasnodar RUS"]
[Date "1997.03.17"]
[Round "07"]
[White "Malaniuk,V"]
[Black "Galkin,A"]
[Result "1/2-1/2"]
[WhiteElo "2610"]
[BlackElo "2510"]

1. d4 Nf6 2. c4 g6 3. Nc3 Bg7 4. g3 d5 5. Bg2 c6 6. Qb3 O-O 7. Nf3 dxc4 8.
Qxc4 Bf5 9. O-O Nbd7 10. Rd1 Bc2 11. Rd2 Nb6 12. Qc5 Ne4 13. Nxe4 Bxe4 14.
b3 a5 15. a4 Re8 16. Bb2 e6 17. Ne1 Bd5 18. Qc2 Bxg2 19. Nxg2 Nd5 20. e4
Nb4 21. Qc4 Qb6 22. Ne3 Rad8 23. Rad1 Rd7 24. Bc3 Red8 25. Kg2 Na6 26. Kf1
Nc7 27. Rd3 Nb5 28. Bxa5 Qxa5 29. axb5 cxb5 30. Qc5 Bxd4 31. Qc2 e5 32. Nd5
Qa6 33. f4 Qe6 34. fxe5 Bxe5 35. Kg2 Kg7 36. Qe2 b4 37. Qf3 1/2-1/2